00304 2200133 4500001002100000005001500021035002000036245005000056300000700106260002500113082000800138084001200146990001200158INLIS00000000000214320250527113414 a0010-0525000435 aPercobaan dengan Air /cS. Lela, Wahyu Untara a55 bBengawan Ilmu,c2007 a500 a500 PER a0713239